005590000a2200181000450024500550000065000150005565000170007065000260008765000150011365000240012865000250015265100190017765300360019665300380023204100130027010000260028377300680030910aRevision of the genus Strephonema ()14aBotánica14aVegetación14aSistemática vegetal14aEcología14aTaxonomía vegetal14aMorfología vegetal 4pAfrica central gStrephomenaeStrephomena mannii gStrephomenagStrephomena sericeum0 aInglés1 aJongkind, Carel C. H.1 tAnnals of the Missouri Botanical Garden3157q535-541d1995g82